|
|
|
|
| LEADER |
00000nab a2200000 a 4500 |
| 001 |
vtls010468749 |
| 003 |
SK-MaSNL |
| 005 |
20260303190444.0 |
| 008 |
121113c2012 xo wrzp 0 0slo |
| 038 |
|
|
|a RVGKPD
|
| 040 |
|
|
|a RVGKPD
|b slo
|c RVGKPD
|e AACR2
|
| 041 |
0 |
|
|a slo
|
| 044 |
|
|
|a xo
|c SK
|
| 080 |
|
|
|a 633.88
|2 1997
|
| 100 |
1 |
|
|a Kubániová, Martina
|4 aut
|9 847929
|
| 245 |
1 |
0 |
|a Za vôňou
|b levanduľové polia netreba hľadať len vo Francúzsku či v Chorvátsku
|c Martina Kubániová
|
| 246 |
3 |
|
|a Nájdete ich aj pri Váhu
|
| 300 |
|
|
|b Fotogr.
|
| 650 |
0 |
7 |
|a pestovanie liečivých rastlín
|2 rvgkpd
|9 324532
|
| 650 |
0 |
7 |
|a levanduľa
|2 rvgkpd
|9 90396
|
| 773 |
0 |
|
|t Plus 7 dní
|g Roč. XXII, č. 32 (2012), s. 74-76
|x 1210-4040
|
| 852 |
|
|
|a RVGKPD
|b KIS3G
|
| 856 |
4 |
1 |
|u http://www.pluska.sk/plus-7-dni/z-domova/07/navstivili-sme-levandulovy-raj-pri-vahu.html
|
| 992 |
|
|
|a RBX
|
| 999 |
|
|
|c 2136334
|d 2138264
|